[Event "4th Tournament of Peace"]
[Site "Zagreb/Rijeka YUG"]
[Date "1985.04.28"]
[Round "7"]
[White "Lobron, Eric"]
[Black "Popovic, Petar"]
[Result "0-1"]
[WhiteElo "2505"]
[BlackElo "2540"]
[EventDate "1985.04.21"]
[PlyCount "56"]

1.e4 c5 2.Nf3 d6 3.d4 cxd4 4.Nxd4 Nf6 5.Nc3 Nc6 6.Bg5 e6 7.Qd2 Be7 8.O-O-O
O-O 9.Nb3 a6 10.Kb1 Qb6 11.Bd3 Qc7 12.f4 b5 13.Rde1 b4 14.Nd1 a5 15.e5 Nd5
16.Bxe7 Ncxe7 17.Nd4 dxe5 18.fxe5 Ba6 19.Rhf1 Bxd3 20.Qxd3 Ng6 21.Qe4 a4 
22.Rf3 a3 23.b3 Ra5 24.Ref1 Qxe5 25.Qd3 Rc5 26.Qd2 Rcc8 27.Qf2 Nf6 28.h3 
Ne4 0-1

[Event "4th Tournament of Peace"]
[Site "Zagreb/Rijeka YUG"]
[Date "1985.04.28"]
[Round "7"]
[White "Rukavina, Josip"]
[Black "Marjanovic, Slavoljub"]
[Result "0-1"]
[WhiteElo "2470"]
[BlackElo "2505"]
[EventDate "1985.04.21"]
[PlyCount "56"]

1.Nf3 Nf6 2.c4 e6 3.g3 d5 4.b3 c5 5.Bg2 Nc6 6.O-O Be7 7.cxd5 exd5 8.d4 Ne4
9.Bb2 Bf6 10.h3 O-O 11.e3 Re8 12.a3 g5 13.Nc3 Bf5 14.Rc1 g4 15.hxg4 Bxg4 
16.Qd3 cxd4 17.Nxd4 Nxd4 18.exd4 Nxc3 19.Qxc3 Re2 20.b4 Bg5 21.f4 Bf6 22.
Ba1 Rc8 23.Qb3 Rxc1 24.Rxc1 Qe7 25.Kh1 Re1+ 26.Rxe1 Qxe1+ 27.Kh2 Qxa1 28.
Qxd5 h5 0-1

[Event "4th Tournament of Peace"]
[Site "Zagreb/Rijeka YUG"]
[Date "1985.04.28"]
[Round "7"]
[White "Smejkal, Jan"]
[Black "Kovacevic, Vlatko"]
[Result "1/2-1/2"]
[WhiteElo "2555"]
[BlackElo "2530"]
[EventDate "1985.04.21"]
[PlyCount "128"]

1.c4 e5 2.Nc3 Nc6 3.g3 f5 4.Bg2 Nf6 5.e3 d6 6.d4 Be7 7.Nge2 O-O 8.b3 Qe8 
9.Ba3 Bd7 10.O-O Nd8 11.Qd2 Bc6 12.d5 Bd7 13.f4 e4 14.Nd4 a6 15.Rac1 h5 
16.Rc2 Nf7 17.b4 Nh6 18.c5 h4 19.c6 bxc6 20.dxc6 Bc8 21.gxh4 Qh5 22.Bb2 
Qxh4 23.h3 Nf7 24.Rf2 Kh7 25.Bf1 d5 26.a3 Rg8 27.Rg2 Nd6 28.Qf2 Qxf2+ 29.
Rcxf2 g6 30.Be2 Kg7 31.Rg3 Kf7 32.Rfg2 Nc4 33.Bc1 Nb6 34.Kf1 Nh7 35.h4 Bf6
36.Bd1 Bxd4 37.exd4 Be6 38.h5 gxh5 39.Rxg8 Rxg8 40.Bxh5+ Ke7 41.Rxg8 Bxg8 
42.a4 Nc4 43.b5 axb5 44.axb5 Nf6 45.Be2 Bf7 46.Ke1 Ke6 47.Na4 Ke7 48.Nc3 
Ke6 49.Na4 Ke7 50.Nc5 Kd8 51.Bd2 Kc8 52.Na4 Na3 53.Bc3 Bh5 54.Bxh5 Nxh5 
55.b6 Nxf4 56.b7+ Kb8 57.Nc5 Nd3+ 58.Nxd3 exd3 59.Kd2 Nb5 60.Kxd3 Na7 61.
Ke3 Nxc6 62.Kf4 Kxb7 63.Kxf5 Na7 64.Ke6 Nb5 1/2-1/2

[Event "4th Tournament of Peace"]
[Site "Zagreb/Rijeka YUG"]
[Date "1985.04.30"]
[Round "8"]
[White "Cebalo, Miso"]
[Black "Rukavina, Josip"]
[Result "1-0"]
[WhiteElo "2485"]
[BlackElo "2470"]
[EventDate "1985.04.21"]
[PlyCount "89"]

1.d4 d6 2.c4 g6 3.Nc3 Bg7 4.e4 e5 5.dxe5 dxe5 6.Qxd8+ Kxd8 7.f4 Be6 8.Nf3 
Nd7 9.Be2 h6 10.fxe5 Ne7 11.Nd5 Nxe5 12.Bf4 N7c6 13.O-O-O Kc8 14.c5 a6 15.
Rd2 Re8 16.Rhd1 Kb8 17.h3 g5 18.Bg3 f5 19.Nxe5 Bxe5 20.Bxe5 Nxe5 21.exf5 
Bxf5 22.Rf1 Be6 23.Rf6 Nd7 24.Rxh6 Nxc5 25.Bf3 Bf5 26.Rd4 Ka7 27.b4 Ne6 
28.Rd1 Rh8 29.Rxh8 Rxh8 30.Ne7 Rf8 31.Nxf5 Rxf5 32.Rd5 Rxd5 33.Bxd5 Nf4 
34.Be4 b6 35.Kd2 c5 36.bxc5 bxc5 37.Ke3 Nh5 38.Bd3 Nf6 39.g3 Kb6 40.h4 
gxh4 41.gxh4 Ka5 42.Kf4 Kb4 43.Kg5 Ng8 44.Bh7 Ne7 45.h5 1-0

[Event "4th Tournament of Peace"]
[Site "Zagreb/Rijeka YUG"]
[Date "1985.04.30"]
[Round "8"]
[White "Handoko, Edhi"]
[Black "Ivanovic, Bozidar"]
[Result "1-0"]
[WhiteElo "2420"]
[BlackElo "2515"]
[EventDate "1985.04.21"]
[PlyCount "47"]

1.e4 c5 2.Nf3 Nc6 3.d4 cxd4 4.Nxd4 Nf6 5.Nc3 d6 6.Be2 e6 7.O-O a6 8.Be3 
Qc7 9.f4 Bd7 10.Qe1 b5 11.a3 Rb8 12.Qg3 Nxd4 13.Bxd4 b4 14.axb4 Rxb4 15.
Bxf6 gxf6 16.Rxa6 Rxb2 17.Ra8+ Rb8 18.Rfa1 Be7 19.Kh1 Bd8 20.f5 Rxa8 21.
Rxa8 Kf8 22.Qe3 Rg8 23.Ra7 Qc8 24.Ba6 1-0

[Event "4th Tournament of Peace"]
[Site "Zagreb/Rijeka YUG"]
[Date "1985.04.30"]
[Round "8"]
[White "Kovacevic, Vlatko"]
[Black "Cvitan, Ognjen"]
[Result "1/2-1/2"]
[WhiteElo "2530"]
[BlackElo "2465"]
[EventDate "1985.04.21"]
[PlyCount "66"]

1.d4 Nf6 2.Nf3 c5 3.e3 e6 4.Bd3 d5 5.O-O c4 6.Be2 b5 7.Ne5 Bd6 8.b3 Nbd7 
9.f4 Bb7 10.Bf3 Qc7 11.Nc3 a6 12.bxc4 bxc4 13.Rb1 O-O 14.Bd2 Rab8 15.Qe2 
Ba8 16.g4 Bxe5 17.fxe5 Ne4 18.Bxe4 dxe4 19.g5 Rxb1 20.Rxb1 Rb8 21.Rxb8+ 
Nxb8 22.h4 Bd5 23.Nxd5 exd5 24.Bb4 Nc6 25.Bd6 Qd7 26.Kh2 Nd8 27.Kg3 Ne6 
28.Qe1 g6 29.Qb4 Qc8 30.Qa5 Qb7 31.Qb4 Qc8 32.Qa5 Qb7 33.Qb4 Qc8 1/2-1/2

[Event "4th Tournament of Peace"]
[Site "Zagreb/Rijeka YUG"]
[Date "1985.04.30"]
[Round "8"]
[White "Marjanovic, Slavoljub"]
[Black "Lobron, Eric"]
[Result "1/2-1/2"]
[WhiteElo "2505"]
[BlackElo "2505"]
[EventDate "1985.04.21"]
[PlyCount "32"]

1.e4 e6 2.d4 d5 3.Nc3 Bb4 4.exd5 exd5 5.Bd3 c6 6.h3 Ne7 7.Nf3 Bf5 8.O-O 
O-O 9.Ne2 Nd7 10.Bg5 f6 11.Bd2 Bd6 12.Bf4 Qc7 13.Bxd6 Qxd6 14.Bxf5 Nxf5 
15.Qd3 Rfe8 16.Rae1 Ne7 1/2-1/2

[Event "4th Tournament of Peace"]
[Site "Zagreb/Rijeka YUG"]
[Date "1985.04.30"]
[Round "8"]
[White "Timman, Jan"]
[Black "Ribli, Zoltan"]
[Result "1-0"]
[WhiteElo "2650"]
[BlackElo "2615"]
[EventDate "1985.04.21"]
[PlyCount "57"]

1.d4 d5 2.c4 c6 3.Nc3 Nf6 4.Nf3 e6 5.Bg5 dxc4 6.e4 b5 7.e5 h6 8.Bh4 g5 9.
Nxg5 hxg5 10.Bxg5 Nbd7 11.g3 Qa5 12.exf6 b4 13.Ne4 Ba6 14.Qf3 O-O-O 15.Bg2
Nb6 16.O-O Rxd4 17.Be3 Rd7 18.Rfc1 Nd5 19.a3 bxa3 20.Bd2 Qc7 21.bxa3 Qe5 
22.Bf1 Qf5 23.Qxf5 exf5 24.Ng5 Nxf6 25.Bc3 Bg7 26.Rab1 Rg8 27.Be5 Bb7 28.
Bxc4 Ng4 29.Nxf7 1-0

[Event "4th Tournament of Peace"]
[Site "Zagreb/Rijeka YUG"]
[Date "1985.05.01"]
[Round "9"]
[White "Cvitan, Ognjen"]
[Black "Popovic, Petar"]
[Result "1/2-1/2"]
[WhiteElo "2465"]
[BlackElo "2540"]
[EventDate "1985.04.21"]
[PlyCount "44"]

1.Nf3 Nf6 2.c4 e6 3.g3 d5 4.Bg2 Be7 5.O-O O-O 6.d4 dxc4 7.Qc2 a6 8.a4 Bd7 
9.Ne5 Bc6 10.Nxc6 Nxc6 11.e3 Na5 12.Nd2 c5 13.dxc5 Rc8 14.b4 cxb3 15.Nxb3 
Nxb3 16.Qxb3 Nd7 17.c6 bxc6 18.a5 Nc5 19.Qc4 Qd3 20.Qxd3 Nxd3 21.Rd1 Nxc1 
22.Rdxc1 Bb4 1/2-1/2

[Event "4th Tournament of Peace"]
[Site "Zagreb/Rijeka YUG"]
[Date "1985.05.01"]
[Round "9"]
[White "Hulak, Krunoslav"]
[Black "Handoko, Edhi"]
[Result "1-0"]
[WhiteElo "2450"]
[BlackElo "2420"]
[EventDate "1985.04.21"]
[PlyCount "73"]

1.d4 Nf6 2.c4 e6 3.Nc3 d5 4.Bg5 Nbd7 5.e3 c6 6.cxd5 exd5 7.Bd3 Be7 8.Qc2 
h6 9.Bf4 O-O 10.Nf3 Re8 11.h3 Bb4 12.a3 Bxc3+ 13.bxc3 Ne4 14.O-O Ndf6 15.
Ne5 Nd7 16.f3 Nxe5 17.Bxe5 Nd6 18.e4 Nc4 19.Bxc4 dxc4 20.Qf2 Qg5 21.Rae1 
Qg6 22.f4 f5 23.Re3 Qf7 24.g4 fxe4 25.Rxe4 Be6 26.f5 Bd5 27.Rf4 c5 28.g5 
cxd4 29.cxd4 hxg5 30.Rg4 Rac8 31.Rxg5 Rxe5 32.dxe5 c3 33.f6 g6 34.Qf5 Be6 
35.Rxg6+ Kf8 36.Qh5 Ke8 37.Rd1 1-0

[Event "4th Tournament of Peace"]
[Site "Zagreb/Rijeka YUG"]
[Date "1985.05.01"]
[Round "9"]
[White "Ivanovic, Bozidar"]
[Black "Kovacevic, Vlatko"]
[Result "1/2-1/2"]
[WhiteElo "2515"]
[BlackElo "2530"]
[EventDate "1985.04.21"]
[PlyCount "67"]

1.e4 e5 2.Nf3 Nc6 3.Bb5 a6 4.Ba4 Nf6 5.O-O Be7 6.Re1 b5 7.Bb3 d6 8.c3 O-O 
9.h3 Na5 10.Bc2 c5 11.d4 Qc7 12.Nbd2 cxd4 13.cxd4 Bb7 14.Nf1 Rac8 15.Re2 
Nh5 16.Bd3 f5 17.dxe5 dxe5 18.Rc2 Qd6 19.Rxc8 Rxc8 20.Nxe5 Qxe5 21.Qxh5 
Qd4 22.Qe2 fxe4 23.Bc2 Qc4 24.Qxc4+ Nxc4 25.Bb3 Kf8 26.Ne3 Bf6 27.Bxc4 
bxc4 28.Bd2 Bxb2 29.Rb1 c3 30.Bxc3 Bxc3 31.Rxb7 Be5 32.Rb1 a5 33.Kf1 Bd4 
34.Ke2 1/2-1/2

[Event "4th Tournament of Peace"]
[Site "Zagreb/Rijeka YUG"]
[Date "1985.05.01"]
[Round "9"]
[White "Lobron, Eric"]
[Black "Cebalo, Miso"]
[Result "0-1"]
[WhiteElo "2505"]
[BlackElo "2485"]
[EventDate "1985.04.21"]
[PlyCount "88"]

1.e4 c5 2.Nf3 Nc6 3.d4 cxd4 4.Nxd4 g6 5.Be2 Bg7 6.Nb3 Nf6 7.Nc3 d6 8.O-O 
O-O 9.Kh1 Be6 10.f4 Rc8 11.f5 Bd7 12.Bg5 Ne5 13.fxg6 hxg6 14.Nd5 Be6 15.
Nxf6+ exf6 16.Bh4 d5 17.exd5 Qxd5 18.Qxd5 Bxd5 19.c3 Nc4 20.Bxc4 Bxc4 21.
Rfe1 Rfe8 22.Kg1 f5 23.Bf2 a6 24.Nc5 Rxe1+ 25.Rxe1 Bxa2 26.Rd1 Re8 27.Rd7 
b5 28.Rd2 a5 29.b3 Bb1 30.c4 b4 31.Rd1 Be4 32.Nxe4 fxe4 33.Be3 f5 34.g3 
Kf7 35.Rd7+ Re7 36.Rd5 a4 37.bxa4 b3 38.Rb5 b2 39.Kf1 Rd7 40.Ke2 Rd3 41.c5
Ke6 42.c6 Rc3 43.a5 Rxc6 44.Kd1 Rc3 0-1

[Event "4th Tournament of Peace"]
[Site "Zagreb/Rijeka YUG"]
[Date "1985.05.01"]
[Round "9"]
[White "Ribli, Zoltan"]
[Black "Sax, Gyula"]
[Result "1/2-1/2"]
[WhiteElo "2615"]
[BlackElo "2565"]
[EventDate "1985.04.21"]
[PlyCount "30"]

1.g3 c5 2.Bg2 g6 3.c4 Nc6 4.Nc3 Bg7 5.e3 e6 6.Nge2 Nge7 7.O-O O-O 8.d4 
cxd4 9.Nxd4 d5 10.cxd5 Nxd4 11.exd4 exd5 12.Be3 Be6 13.Qd2 Qd7 14.Rac1 
Rfc8 15.h4 h5 1/2-1/2

[Event "4th Tournament of Peace"]
[Site "Zagreb/Rijeka YUG"]
[Date "1985.05.01"]
[Round "9"]
[White "Smejkal, Jan"]
[Black "Marjanovic, Slavoljub"]
[Result "1/2-1/2"]
[WhiteElo "2555"]
[BlackElo "2505"]
[EventDate "1985.04.21"]
[PlyCount "66"]

1.c4 e6 2.Nf3 Nf6 3.Nc3 b6 4.e4 Bb7 5.d3 d6 6.g3 c5 7.Bg2 Nbd7 8.O-O a6 9.
Qe2 Be7 10.b3 O-O 11.Bb2 Re8 12.d4 cxd4 13.Nxd4 Bf8 14.Kh1 Qb8 15.f4 Nc5 
16.b4 Ncd7 17.Rae1 e5 18.Nc2 exf4 19.Rxf4 d5 20.cxd5 Nxd5 21.Nxd5 Bxd5 22.
a3 Ra7 23.Qf2 Ba2 24.Ne3 Be6 25.Nd5 Bd6 26.Rf3 a5 27.Rf1 Be5 28.Bxe5 Nxe5 
29.Rc3 axb4 30.axb4 b5 31.Qd4 Nc4 32.Rcc1 Ra2 33.Rf2 Ra3 1/2-1/2

[Event "4th Tournament of Peace"]
[Site "Zagreb/Rijeka YUG"]
[Date "1985.05.02"]
[Round "10"]
[White "Cebalo, Miso"]
[Black "Smejkal, Jan"]
[Result "1/2-1/2"]
[WhiteElo "2485"]
[BlackElo "2555"]
[EventDate "1985.04.21"]
[PlyCount "59"]

1.c4 e5 2.Nc3 d6 3.d4 exd4 4.Qxd4 Nf6 5.g3 Nc6 6.Qd2 Be6 7.e4 g6 8.b3 Bg7 
9.Bb2 O-O 10.Bg2 a5 11.Nge2 a4 12.Rb1 axb3 13.axb3 Nd7 14.Nb5 Bxb2 15.Qxb2
Nb4 16.Qc3 Nc6 17.O-O Nc5 18.Nf4 Ne5 19.Nxe6 fxe6 20.b4 Na4 21.Qb3 Qe7 22.
f4 c6 23.Nd4 c5 24.fxe5 Rxf1+ 25.Rxf1 cxd4 26.exd6 Qxd6 27.e5 Qxe5 28.Bxb7
Rf8 29.Rxf8+ Kxf8 30.Qxa4 1/2-1/2

[Event "4th Tournament of Peace"]
[Site "Zagreb/Rijeka YUG"]
[Date "1985.05.02"]
[Round "10"]
[White "Kovacevic, Vlatko"]
[Black "Hulak, Krunoslav"]
[Result "0-1"]
[WhiteElo "2530"]
[BlackElo "2450"]
[EventDate "1985.04.21"]
[PlyCount "62"]

1.d4 e6 2.Nf3 c5 3.e3 Nf6 4.Bd3 b6 5.O-O Bb7 6.Nbd2 cxd4 7.exd4 Be7 8.Re1 
O-O 9.a4 a6 10.Nf1 d6 11.Ng3 Nbd7 12.b3 Re8 13.Ba3 Bf8 14.h3 Qc7 15.c4 a5 
16.Rc1 Rad8 17.Bf1 g6 18.Ng5 Qb8 19.Qd2 Qa8 20.Rc3 Qb8 21.Be2 Bg7 22.Bd1 
d5 23.Nf3 Ne4 24.Nxe4 dxe4 25.Nh2 Nc5 26.Ng4 Bxd4 27.Bb2 f5 28.Nh6+ Kg7 
29.Rg3 Bxb2 30.Qxb2+ Kxh6 31.Qf6 Rf8 0-1

[Event "4th Tournament of Peace"]
[Site "Zagreb/Rijeka YUG"]
[Date "1985.05.02"]
[Round "10"]
[White "Marjanovic, Slavoljub"]
[Black "Cvitan, Ognjen"]
[Result "1/2-1/2"]
[WhiteElo "2505"]
[BlackElo "2465"]
[EventDate "1985.04.21"]
[PlyCount "28"]

1.e4 c5 2.Nf3 d6 3.d4 cxd4 4.Nxd4 Nf6 5.Nc3 a6 6.Be2 e6 7.O-O Be7 8.f4 O-O
9.a4 Qc7 10.Kh1 b6 11.Bf3 Bb7 12.Qe2 Nc6 13.Be3 Nxd4 14.Bxd4 e5 1/2-1/2

[Event "4th Tournament of Peace"]
[Site "Zagreb/Rijeka YUG"]
[Date "1985.05.02"]
[Round "10"]
[White "Popovic, Petar"]
[Black "Ivanovic, Bozidar"]
[Result "1/2-1/2"]
[WhiteElo "2540"]
[BlackElo "2515"]
[EventDate "1985.04.21"]
[PlyCount "63"]

1.e4 e6 2.d4 d5 3.Nd2 Nf6 4.e5 Nfd7 5.c3 c5 6.Bd3 Nc6 7.Ne2 cxd4 8.cxd4 f6
9.exf6 Nxf6 10.O-O Bd6 11.Nf3 Qc7 12.Nc3 a6 13.Bg5 O-O 14.Bh4 Nh5 15.Re1 
g6 16.Rc1 Bf4 17.Rc2 Qg7 18.Bf1 Bd7 19.Bg3 Nxg3 20.hxg3 Bd6 21.a3 Rf7 22.
Rd2 Qh6 23.Na4 Re8 24.Nb6 Bc7 25.Nxd7 Rxd7 26.Rc2 Nd8 27.b4 Rde7 28.b5 a5 
29.Ne5 Bb6 30.Be2 Nf7 31.Nxf7 Kxf7 32.Bg4 1/2-1/2

[Event "4th Tournament of Peace"]
[Site "Zagreb/Rijeka YUG"]
[Date "1985.05.02"]
[Round "10"]
[White "Timman, Jan"]
[Black "Lobron, Eric"]
[Result "1-0"]
[WhiteElo "2650"]
[BlackElo "2505"]
[EventDate "1985.04.21"]
[PlyCount "71"]

1.d4 d5 2.c4 e6 3.Nc3 Nf6 4.Bg5 Be7 5.e3 O-O 6.Nf3 h6 7.Bxf6 Bxf6 8.Qc2 
Nc6 9.a3 a6 10.Rc1 Re8 11.Be2 dxc4 12.Bxc4 e5 13.d5 Ne7 14.O-O Bf5 15.Bd3 
Bg4 16.Rfd1 Bxf3 17.gxf3 Kh8 18.Qb3 Rb8 19.Ne4 Nf5 20.d6 cxd6 21.Qxf7 Rf8 
22.Qe6 g6 23.Kh1 Qe7 24.Qxe7 Bxe7 25.Rc7 Rfc8 26.Rdc1 Rxc7 27.Rxc7 d5 28.
Ng3 Bd8 29.Rd7 Ne7 30.Bc2 h5 31.Ne2 d4 32.exd4 exd4 33.Nf4 Rc8 34.Be4 h4 
35.Kg2 d3 36.Bxd3 1-0

[Event "4th Tournament of Peace"]
[Site "Zagreb/Rijeka YUG"]
[Date "1985.05.05"]
[Round "11"]
[White "Cvitan, Ognjen"]
[Black "Cebalo, Miso"]
[Result "1/2-1/2"]
[WhiteElo "2465"]
[BlackElo "2485"]
[EventDate "1985.04.21"]
[PlyCount "166"]

1.Nf3 c5 2.g3 g6 3.Bg2 Bg7 4.O-O Nc6 5.c3 e5 6.d4 cxd4 7.cxd4 exd4 8.Na3 
Nge7 9.Nb5 Nf5 10.Bf4 d6 11.g4 a6 12.Qa4 Bd7 13.Nxd6+ Nxd6 14.Bxd6 Qf6 15.
Qa3 Bf8 16.Bxf8 Rxf8 17.g5 Qf4 18.Rac1 f6 19.e3 dxe3 20.Rfe1 O-O-O 21.fxe3
Qg4 22.Nd4 fxg5 23.Qd6 Qxg2+ 24.Kxg2 Bh3+ 25.Kxh3 Rxd6 26.Rc5 Rf2 27.Rec1 
Kd7 28.R1c2 Rxc2 29.Nxc2 Rd2 30.b4 b6 31.Rc3 Ne5 32.a4 Nf3 33.Kg4 Ne5+ 34.
Kxg5 Rxh2 35.Nd4 h5 36.b5 axb5 37.Nxb5 Ke6 38.Nc7+ Kf7 39.Kf4 Nd7 40.Nd5 
Rh4+ 41.Kf3 Ne5+ 42.Kf2 Rxa4 43.Nxb6 Ra2+ 44.Kg3 Ke6 45.Rc8 Kf5 46.Rc5 Ke6
47.Rc8 Rb2 48.Re8+ Kf7 49.Rxe5 Rxb6 50.Kf4 Rb1 51.Ra5 Rf1+ 52.Kg3 Kf6 53.
e4 Re1 54.Ra6+ Kg5 55.Ra5+ Kh6 56.Ra4 Rg1+ 57.Kf3 h4 58.e5 g5 59.Kf2 Rb1 
60.e6 Kg6 61.e7 Rb8 62.Kf3 Rb3+ 63.Kf2 Kf7 64.Re4 Ke8 65.Kg2 Ra3 66.Rg4 
Ra5 67.Re4 Rf5 68.Kh3 Rf3+ 69.Kg2 Rf4 70.Re5 g4 71.Rh5 g3 72.Rh7 Rg4 73.
Kh1 g2+ 74.Kg1 Kd7 75.Rh5 Kxe7 76.Re5+ Kf6 77.Re3 Kg5 78.Rh3 Rg3 79.Rxg3+ 
hxg3 80.Kxg2 Kg4 81.Kg1 Kf3 82.Kf1 g2+ 83.Kg1 Kg3 1/2-1/2

[Event "4th Tournament of Peace"]
[Site "Zagreb/Rijeka YUG"]
[Date "1985.05.05"]
[Round "11"]
[White "Handoko, Edhi"]
[Black "Kovacevic, Vlatko"]
[Result "1-0"]
[WhiteElo "2420"]
[BlackElo "2530"]
[EventDate "1985.04.21"]
[PlyCount "111"]

1.e4 e5 2.Nf3 Nc6 3.d4 exd4 4.Nxd4 Nf6 5.Nxc6 bxc6 6.e5 Qe7 7.Qe2 Nd5 8.c4
Ba6 9.Qe4 Nf6 10.Qe2 Nd5 11.Nd2 O-O-O 12.Qe4 Nb6 13.a4 Kb7 14.a5 Nc8 15.b4
Kb8 16.Be2 f6 17.f4 fxe5 18.fxe5 Re8 19.Nf3 Qe6 20.c5 Bxe2 21.Qxe2 d6 22.
Rb1 dxe5 23.Qa6 Qg6 24.Rb2 Be7 25.O-O Rhf8 26.Nxe5 Rxf1+ 27.Qxf1 Qe6 28.
Bf4 Bf6 29.Re2 Rd8 30.Re1 Bxe5 31.Bxe5 Qg4 32.Qf4 Qxf4 33.Bxf4 Kb7 34.Re6 
a6 35.Be5 g6 36.Kf2 Rd7 37.Bf6 Na7 38.Ke3 Nb5 39.g4 Na3 40.Kf4 Nc2 41.Re4 
Rd5 42.Re2 Na3 43.Re7 h5 44.Be5 Nb5 45.Rg7 Rd2 46.Ke3 Rg2 47.gxh5 Rg5 48.
Bg3 Rxh5 49.h4 Rh8 50.Rxg6 Nc3 51.Kf3 Rh7 52.Kg4 Nd5 53.h5 Nxb4 54.h6 Nd3 
55.Kh5 Nxc5 56.Rg7 1-0

[Event "4th Tournament of Peace"]
[Site "Zagreb/Rijeka YUG"]
[Date "1985.05.05"]
[Round "11"]
[White "Hulak, Krunoslav"]
[Black "Popovic, Petar"]
[Result "1/2-1/2"]
[WhiteElo "2450"]
[BlackElo "2540"]
[EventDate "1985.04.21"]
[PlyCount "25"]

1.Nf3 Nf6 2.g3 g6 3.Bg2 Bg7 4.O-O O-O 5.c4 c5 6.Nc3 Nc6 7.d4 cxd4 8.Nxd4 
Nxd4 9.Qxd4 d6 10.Bg5 a6 11.Rac1 Rb8 12.Rfd1 Be6 13.Qf4 1/2-1/2

[Event "4th Tournament of Peace"]
[Site "Zagreb/Rijeka YUG"]
[Date "1985.05.05"]
[Round "11"]
[White "Ivanovic, Bozidar"]
[Black "Marjanovic, Slavoljub"]
[Result "1-0"]
[WhiteElo "2515"]
[BlackElo "2505"]
[EventDate "1985.04.21"]
[PlyCount "81"]

1.e4 c5 2.Nf3 d6 3.d4 cxd4 4.Nxd4 Nf6 5.Nc3 e6 6.Be2 Be7 7.O-O Nc6 8.Kh1 
O-O 9.f4 Bd7 10.Be3 a6 11.Qe1 b5 12.a3 Qb8 13.Bd3 Nxd4 14.Bxd4 e5 15.Nd5 
Nxd5 16.exd5 f6 17.Bc3 Rf7 18.fxe5 dxe5 19.d6 Bxd6 20.Be4 Be6 21.Bxa8 Qxa8
22.Rd1 Qc6 23.Bb4 Bxb4 24.axb4 Rd7 25.Rxd7 Qxd7 26.Qe3 h5 27.Qf3 Bg4 28.
Qa8+ Kh7 29.Qe4+ g6 30.h3 Bf5 31.Qe2 Qc6 32.Rf3 Qd6 33.c3 Kg7 34.Qe3 h4 
35.Rf2 Bd3 36.Qa7+ Kh6 37.Qc5 Qd8 38.Rd2 e4 39.Qe3+ g5 40.Qxe4 Bxe4 41.
Rxd8 1-0

[Event "4th Tournament of Peace"]
[Site "Zagreb/Rijeka YUG"]
[Date "1985.05.05"]
[Round "11"]
[White "Lobron, Eric"]
[Black "Sax, Gyula"]
[Result "0-1"]
[WhiteElo "2505"]
[BlackElo "2565"]
[EventDate "1985.04.21"]
[PlyCount "70"]

1.e4 c5 2.Nf3 d6 3.d4 cxd4 4.Nxd4 Nf6 5.Nc3 g6 6.Be3 Bg7 7.Be2 Nc6 8.O-O 
O-O 9.Qd2 Bd7 10.Rad1 Rc8 11.h3 a6 12.a3 Qc7 13.Rfe1 Rfe8 14.Bf1 b5 15.Nf3
Na5 16.Bh6 Bh8 17.Re3 Nc4 18.Bxc4 bxc4 19.Bf4 Qb7 20.e5 dxe5 21.Bxe5 Bc6 
22.Nh4 Qxb2 23.Nf5 Qb6 24.Bd4 Qc7 25.Rde1 Qf4 26.Ng3 Ng4 27.Bxh8 Nxe3 28.
Nce2 Qd6 29.Bd4 Nxg2 30.Qh6 f6 31.Rd1 Qd5 32.f3 Nh4 33.Qxh4 Qxf3 34.Nf4 
Qxd1+ 35.Kf2 Qxd4+ 0-1

[Event "4th Tournament of Peace"]
[Site "Zagreb/Rijeka YUG"]
[Date "1985.05.06"]
[Round "12"]
[White "Cebalo, Miso"]
[Black "Ivanovic, Bozidar"]
[Result "1/2-1/2"]
[WhiteElo "2485"]
[BlackElo "2515"]
[EventDate "1985.04.21"]
[PlyCount "114"]

1.d4 c5 2.d5 e5 3.e4 d6 4.Nc3 Ne7 5.a4 a6 6.a5 Nd7 7.Nf3 Ng6 8.Nd2 b5 9.
axb6 Nxb6 10.g3 Be7 11.h4 O-O 12.Be2 Qd7 13.h5 Nh8 14.g4 Bg5 15.Nc4 Nxc4 
16.Bxg5 f6 17.Bc1 Nb6 18.Be3 Nf7 19.f3 Qb7 20.b3 Bd7 21.Qd2 a5 22.Kf2 a4 
23.bxa4 Nxa4 24.Rhb1 Nb6 25.Rxa8 Rxa8 26.Qc1 Qc7 27.Rb3 g6 28.hxg6 hxg6 
29.Qb1 Rb8 30.Bb5 Bxb5 31.Rxb5 Kg7 32.Na4 Nd7 33.Rxb8 Nxb8 34.Qb6 Qc8 35.
Ke2 f5 36.gxf5 gxf5 37.Nc3 f4 38.Bf2 Nd7 39.Qc6 Qd8 40.Nb5 Nf6 41.Qc7 Qa8 
42.Qa7 Qd8 43.Nc7 Kg6 44.Ne6 Qe8 45.Qa1 Ng5 46.Nxg5 Qb5+ 47.Kd2 Kxg5 48.
Qg1+ Kh6 49.Bh4 Qb4+ 50.Ke2 Nh7 51.Qg4 Qc4+ 52.Kd1 Qd4+ 53.Ke1 Qe3+ 54.Kf1
Qc1+ 55.Kg2 Qxc2+ 56.Kh3 Qe2 57.Qe6+ Kh5 1/2-1/2

[Event "4th Tournament of Peace"]
[Site "Zagreb/Rijeka YUG"]
[Date "1985.05.06"]
[Round "12"]
[White "Popovic, Petar"]
[Black "Handoko, Edhi"]
[Result "1-0"]
[WhiteElo "2540"]
[BlackElo "2420"]
[EventDate "1985.04.21"]
[PlyCount "61"]

1.e4 e5 2.Nf3 Nf6 3.Nxe5 d6 4.Nf3 Nxe4 5.d4 d5 6.Bd3 Be7 7.O-O Nc6 8.Re1 
Bg4 9.c4 Nf6 10.cxd5 Nxd5 11.Nc3 O-O 12.h3 Be6 13.a3 Bf6 14.Bc2 Nxc3 15.
bxc3 Re8 16.Rb1 Bd5 17.Rxe8+ Qxe8 18.Bf4 Qe7 19.Nh2 g6 20.Ng4 Rc8 21.Rb5 
Bc4 22.Rxb7 Ba6 23.Rxc7 Rxc7 24.Nxf6+ Qxf6 25.Bxc7 Qe7 26.Bf4 Na5 27.d5 
Bb5 28.a4 Bd7 29.Qd4 a6 30.c4 Qe2 31.Bh6 1-0

[Event "4th Tournament of Peace"]
[Site "Zagreb/Rijeka YUG"]
[Date "1985.05.06"]
[Round "12"]
[White "Ribli, Zoltan"]
[Black "Rukavina, Josip"]
[Result "1/2-1/2"]
[WhiteElo "2615"]
[BlackElo "2470"]
[EventDate "1985.04.21"]
[PlyCount "33"]

1.d4 d6 2.Nf3 g6 3.c4 Bg7 4.Nc3 Nd7 5.e4 e5 6.Be2 c6 7.d5 c5 8.h4 h5 9.Ng5
Nf8 10.f4 exf4 11.Bxf4 Bxc3+ 12.bxc3 f6 13.Nf3 Nh6 14.O-O Nf7 15.a4 Bg4 
16.a5 Nd7 17.Ne1 1/2-1/2

[Event "4th Tournament of Peace"]
[Site "Zagreb/Rijeka YUG"]
[Date "1985.05.06"]
[Round "12"]
[White "Sax, Gyula"]
[Black "Smejkal, Jan"]
[Result "1/2-1/2"]
[WhiteElo "2565"]
[BlackElo "2555"]
[EventDate "1985.04.21"]
[PlyCount "31"]

1.e4 e5 2.Nf3 Nc6 3.Bb5 a6 4.Ba4 Nf6 5.O-O Be7 6.Re1 b5 7.Bb3 d6 8.h3 O-O 
9.c3 Re8 10.d4 Bb7 11.a4 h6 12.Nbd2 exd4 13.cxd4 Nb4 14.d5 Bf8 15.axb5 
axb5 16.Rxa8 1/2-1/2

[Event "4th Tournament of Peace"]
[Site "Zagreb/Rijeka YUG"]
[Date "1985.05.07"]
[Round "13"]
[White "Cvitan, Ognjen"]
[Black "Sax, Gyula"]
[Result "1/2-1/2"]
[WhiteElo "2465"]
[BlackElo "2565"]
[EventDate "1985.04.21"]
[PlyCount "55"]

1.Nf3 Nf6 2.c4 c5 3.g3 d5 4.Bg2 Nc6 5.O-O d4 6.d3 e5 7.e3 Be7 8.exd4 exd4 
9.Bf4 O-O 10.Ne5 Nxe5 11.Bxe5 Ng4 12.Bf4 Bd6 13.Bxd6 Qxd6 14.Nd2 Qh6 15.h3
Nf6 16.g4 Qf4 17.Qc1 Qc7 18.f4 Bd7 19.Qd1 Bc6 20.Bxc6 Qxc6 21.g5 Ne8 22.
Qf3 Qxf3 23.Rxf3 Nd6 24.Re1 f6 25.Re6 Rad8 26.gxf6 Rxf6 27.Re5 b6 28.Ne4 
1/2-1/2

[Event "4th Tournament of Peace"]
[Site "Zagreb/Rijeka YUG"]
[Date "1985.05.07"]
[Round "13"]
[White "Handoko, Edhi"]
[Black "Marjanovic, Slavoljub"]
[Result "1/2-1/2"]
[WhiteElo "2420"]
[BlackElo "2505"]
[EventDate "1985.04.21"]
[PlyCount "73"]

1.e4 c5 2.Nf3 d6 3.d4 cxd4 4.Nxd4 Nf6 5.Nc3 a6 6.Be2 e5 7.Nb3 Be7 8.O-O 
Be6 9.Be3 Nbd7 10.f4 Qc7 11.a4 O-O 12.a5 exf4 13.Rxf4 Ne5 14.Nd4 Rae8 15.
Nf5 Bxf5 16.Rxf5 Qc8 17.Rf4 Qe6 18.Ra4 Rc8 19.h3 Rc6 20.Rb4 Qc8 21.Ra4 Bd8
22.Rf2 Re8 23.Bd4 Qd7 24.Qa1 d5 25.exd5 Nxd5 26.Bxe5 Rxe5 27.Rd4 Rd6 28.
Ne4 Bc7 29.Bf3 Qe7 30.Qa3 Rde6 31.Rxd5 Qxa3 32.bxa3 Rxd5 33.Nf6+ gxf6 34.
Bxd5 Re1+ 35.Rf1 Bh2+ 36.Kf2 Bg3+ 37.Kg1 1/2-1/2

[Event "4th Tournament of Peace"]
[Site "Zagreb/Rijeka YUG"]
[Date "1985.05.07"]
[Round "13"]
[White "Kovacevic, Vlatko"]
[Black "Popovic, Petar"]
[Result "1-0"]
[WhiteElo "2530"]
[BlackElo "2540"]
[EventDate "1985.04.21"]
[PlyCount "68"]

1.d4 Nf6 2.Nf3 e6 3.e3 c5 4.Bd3 d5 5.b3 Qa5+ 6.c3 Nc6 7.O-O Qc7 8.c4 dxc4 
9.bxc4 Be7 10.Bb2 cxd4 11.exd4 O-O 12.Nbd2 b6 13.Rc1 Bb7 14.Re1 Rad8 15.
Bb1 Qf4 16.d5 exd5 17.cxd5 Nxd5 18.Rc4 Qd6 19.Ne4 Qh6 20.Bc1 Qg6 21.Bd2 f5
22.Ng3 Kh8 23.Qb3 Ba8 24.h3 Bc5 25.Nxf5 Rxf5 26.Rxc5 bxc5 27.Nh4 Qf6 28.
Nxf5 Nd4 29.Nxd4 cxd4 30.Qd3 g6 31.Qg3 Qg7 32.Qh4 Rc8 33.Bd3 h5 34.Re6 Qb7
1-0